| 000 | 00773nam a22002177a 4500 | ||
|---|---|---|---|
| 005 | 20240530110957.0 | ||
| 008 | 221204s2009 au a f b 000 0 eng d | ||
| 017 | _a2008/22110 | ||
| 040 |
_aEG-CaGPL _cEG-CaGPL |
||
| 082 | 0 | 4 |
_221 _a613.6 _bا ك |
| 100 | 0 | _aليزلى اليس | |
| 245 | 1 | 0 |
_aكيف تستعيد حيويتك وتتخلص من سموم جسمك ف 7 ايام ؟ / _cتاليف ليزلى اليس |
| 250 | _aط.1 | ||
| 260 |
_aالجيزة : _bدار الفاروق للاستثمارات الثقافية، _c2009 |
||
| 300 |
_a286 ص. ؛ _c24 سم. |
||
| 650 | 0 | 7 |
_2qrmak _aالتغذية - الجوانب الصحية |
| 650 | 0 | 7 | _aالصحة العامة |
| 651 | _2qrmak | ||
| 942 |
_2ddc _cBK |
||
| 999 |
_c67116 _d67116 |
||